000 00271nam a2200121Ia 4500
001 28029
003 92719
005 20201025090901.0
008 ||||||n9999 ||| || ||
245 0 _aSexualidad en la etiologia de las neurosis
562 _e0
942 _cCHAP
999 _c28029
_d28029